01155 a2200169 4500001000700000020001500007040003200022100002300054245001700077260001600094300004500110362000900155520076100164650001900925650002400944650001700968125429 a8516031209 cEscola Canadense de Niteroi aMachado, Ana Maria10aDia de Chuva aSão Paulo a32 p.bil.c6 x 22.4 x 0.6 cm (brochura)0 a2002 a Esse livro é uma prova da fé que Ana Maria Machado sempre teve no poder da imaginação da criança. Observadora atenta do mundo infantil Ana sabe que as crianças desde muito cedo constroem mundos incríveis no faz-de-conta. Um dia de chuva pode deixar muita gente entediada. Mas não aqueles que têm passagem livre para o incrível mundo do faz-de-conta. As almofadas do sofá se transformam em elefantes camelos carroças e caravanas. A mesa da sala vira caverna os pés da cadeira são troncos de árvores a cama ou rede é um navio em alto-mar a vassoura é um cavalo o pano-de-prato é uma capa mágica. é apenas um exemplo de como os pequenos percorrem o mundo todo enquanto gente grande acha que não vão a lugar nenhum. 4aImaginação 4aLiteratura Infantil 4aBrincadeiras